लोड हो रहा है...

Marx, Gandhi and modernity

ग्रंथसूची विवरण
मुख्य लेखक: Bilgrami, Akeel Ed
स्वरूप: Printed Book
प्रकाशित: Tulika Books, New Delhi 2014
विषय:
LEADER 00422nam a2200157 4500
082
100 |a Bilgrami, Akeel Ed. 
245 |a Marx, Gandhi and modernity  |c Bilgrami, Akeel Ed. 
250
260 |a Tulika Books, New Delhi  |c 2014 
300
490
650 |a Marxian systems--Socialism--Economics 
942 |c BK 
999 |c 192598  |d 192598 
952 |0 0  |1 0  |4 0  |7 0  |9 205947  |a ISL  |b ISL  |l 0  |p ISL06466  |r 2019-10-28  |w 2019-10-28  |y BK